Waters of life : (Record no. 18307)

000 -LEADER
fixed length control field 00888cam a2200217 a 4500
020 ## - INTERNATIONAL STANDARD BOOK NUMBER
ISBN 9291151041 [set]
020 ## - INTERNATIONAL STANDARD BOOK NUMBER
ISBN 9291151181 (vol. 1)
020 ## - INTERNATIONAL STANDARD BOOK NUMBER
ISBN 9291151211 (vol. 2)
040 ## - CATALOGING SOURCE
Transcribing agency DLC
082 ## - DEWEY DECIMAL CLASSIFICATION NUMBER
Classification number 628 ICI 2000 C142 Or.
245 10 - TITLE STATEMENT
Title Waters of life :
Remainder of title perspectives of water harvesting in the Hindu Kush-Himalayas : proceedings of the Regional Workshop on Local Water Harvesting for Mountain Households in the Hindu-Kush Himalayas, Kathmandu, March 14-16, 1999 /
260 ## - PUBLICATION, DISTRIBUTION, ETC. (IMPRINT)
Place of publication Kathmandu :
Name of publisher International Centre for Integrated Mountain Development,
Year of publication 2000-
300 ## - PHYSICAL DESCRIPTION
Number of Pages v. <1-2 > :
Other physical details ill. (some col.), maps ;
Dimensions 26 cm.
650 #0 - SUBJECT ADDED ENTRY--TOPICAL TERM
Topical Term Water harvesting
650 #0 - SUBJECT ADDED ENTRY--TOPICAL TERM
Topical Term Water resources development
650 #0 - SUBJECT ADDED ENTRY--TOPICAL TERM
Topical Term Households
700 1# - ADDED ENTRY--PERSONAL NAME
Personal name Banskota, Mahesh.
700 1# - ADDED ENTRY--PERSONAL NAME
Personal name Chalise, Suresh R.
710 2# - ADDED ENTRY--CORPORATE NAME
Corporate name or jurisdiction name as entry element International Centre for Integrated Mountain Development.
942 ## - ADDED ENTRY ELEMENTS (KOHA)
Koha item type ADB
952 ## - LOCATION AND ITEM INFORMATION (KOHA)
Withdrawn status [LOCAL, KOHA] 0
Holdings
Source of acquisition Permanent Location Date acquired Koha item type Lost status Shelving location Current Location Full call number
A32798Library Block C2019-10-18សៀវភៅភាសាអង់គ្លេស C142Library Block C628 ICI 2000 C142 Or.
មជ្ឈមណ្ឌលឯការនៃសាកលវិទ្យាល័យភូមិន្ទកសិកម្មចំការដូង

Powered by Koha